| 000 | 00521nam a22001817a 4500 | ||
|---|---|---|---|
| 003 | CEME | ||
| 005 | 20210628203926.0 | ||
| 008 | 210309b xxu||||| |||| 00| 0 eng d | ||
| 020 | _a0-08-037711-4 | ||
| 040 | _c. | ||
| 082 | _a623-BRA HAL | ||
| 100 |
_aHall, P.S, Garland-Collins, T.K, Picton, R.S _967872 |
||
| 245 | _aRadar, brassey's new battlefield weapons systems | ||
| 260 |
_aLONDON _bBRASSEY'S _c1991 |
||
| 300 | _aXIII,170P | ||
| 650 |
_aRADAR-MILITARY APPLICATIONS,DOPPLER RADAR, _967873 |
||
| 942 |
_cBK _2ddc |
||
| 999 |
_c575559 _d575559 |
||